| 000 | 00826nam a2200217Ia 4500 | ||
|---|---|---|---|
| 003 | 0 | ||
| 005 | 20250131112411.0 | ||
| 008 | 150126s9999 xx 000 0 und d | ||
| 050 |
_aPGS HM 851 _b.Al478 2014 |
||
| 100 | _aAlzona, Miguel Dominico M. | ||
| 245 | 4 |
_aThe use of social media and the good manners profile of grades 5 & 6 students / _cMiguel Dominico M. Alzona. |
|
| 260 |
_aLas PiƱas City, Philippines : _bSouthville International School and Colleges, _c2014. |
||
| 300 |
_a53 p. : _bill. ; _c28 cm. |
||
| 504 | _aIncludes bibliographical references. | ||
| 650 |
_aSocial media _vPsychological aspects. |
||
| 650 |
_aStudents _vBehavior. |
||
| 650 |
_aManners _vStudy and teaching. |
||
| 650 | _aChildren and social media. | ||
| 650 |
_aSocial media _vEffect of social media on behavior. |
||
| 942 |
_2lcc _cPASS |
||
| 999 |
_c278559 _d278559 |
||